000 00349nam a22001457a 4500
008 221115b ||||| |||| 00| 0 eng d
020 _a2900323265378
041 _aeng
080 _2seventh edition
_a159.9
082 _a159.9 JAR
100 _a25
101 _aPSI
245 _aPHYSICAL EXAMINATION&HEALTH ASSESSMENT
_cJARVIS
942 _2udc
_cBK
999 _c58900
_d58900